|
|
|
|
| LEADER |
01146nam a2200337 a 4500 |
| 001 |
40130 |
| 003 |
BD-DhAAL |
| 005 |
20221123134829.0 |
| 008 |
221123t1992 enk 001 0 eng d |
| 999 |
|
|
|c 45075
|d 45075
|
| 010 |
|
|
|a 93156080
|
| 020 |
|
|
|a 0340583878 :
|c £5.99
|
| 040 |
|
|
|a DLC
|c DLC
|d DLC
|d BD-DhAAL
|
| 043 |
|
|
|a e-uk---
|
| 050 |
0 |
0 |
|a HJ5715.G7
|b L43 1992
|
| 082 |
|
|
|a 336.27140941
|
| 100 |
1 |
|
|a Lee, David.
|9 52495
|
| 245 |
1 |
0 |
|a VAT, a practical handbook /
|c David Lee.
|
| 250 |
|
|
|a Second edition.
|
| 260 |
|
|
|a London :
|b Hodder & Stoughton,
|c c1992.
|
| 300 |
|
|
|a x, 130 pages ;
|c 20 cm.
|
| 490 |
1 |
|
|a Teach yourself
|
| 500 |
|
|
|a Includes index.
|
| 541 |
|
|
|a Donated By Akbar Ali Khan
|e 40130
|
| 650 |
0 |
0 |
|a Value added tax
|z Great Britain.
|9 52496
|
| 650 |
0 |
0 |
|a Tax.
|9 52497
|
| 650 |
0 |
0 |
|a Law.
|9 52498
|
| 830 |
|
0 |
|a Teach yourself books.
|9 52499
|
| 852 |
|
|
|a Ayesha Abed Library
|c Akbar Ali Khan Collection
|
| 942 |
|
|
|2 ddc
|c BK
|
| 952 |
|
|
|0 0
|1 0
|2 ddc
|4 0
|6 336_271409410000000_LEE
|7 1
|9 72387
|a BRACUL
|b BRACUL
|c CS1
|d 2022-11-23
|e Donated by Akbar Ali Khan
|g 727.13
|l 0
|o 336.27140941 LEE
|p 3010040130
|r 2022-11-23
|t 1
|w 2022-11-23
|y BK
|x £5.99
|